| 000 | 01128nam a22003737a 4500 | ||
|---|---|---|---|
| 001 | BR0203755 | ||
| 003 | BR-BrBNA | ||
| 005 | 20230928101123.0 | ||
| 007 | ta | ||
| 008 | 230509b bl.||||| |||| 00| 0 por d | ||
| 040 |
_aBR-BrBNA _bpor _cBiblioteca Nacional de Agricultura |
||
| 041 | _a(Por) | ||
| 072 |
_aE16; F30; E21 _b1126 _b3530 |
||
| 090 | _ 1126 BR0203755 | ||
| 100 | 1 | _aBarreiro Neto, M. | |
| 100 | 1 | _aSantos, E.S. dos | |
| 110 | 1 | _aEmpresa Estadual de Pesquisa Agropecuária da Paraíba S.A., João Pessoa (Brasil) | |
| 245 | 1 | _aAbacaxi: da agricultura familiar ao agronegócio | |
| 260 | 3 |
_aJoão Pessoa, PB (Brasil): _c2002. |
|
| 300 | _a98 p. | ||
| 500 | _aSummaries (Eng, Por); Several bibliography; 26 tables; 11 illus. | ||
| 650 | _aABACAXI | ||
| 650 | _aMUDA | ||
| 650 | _aCUSTO DE PRODUÇÃO | ||
| 650 | _aCOMPETIÇÃO DE VARIEDADE | ||
| 650 | _aAGRICULTURA FAMILIAR | ||
| 650 | _aAGRIBUSINESS | ||
| 650 | _aDESENVOLVIMENTO SÓCIO-ECONÔMICO | ||
| 650 | _aHÍBRIDO | ||
| 650 | _aVARIEDADE RESISTENTE | ||
| 650 | _aPARAÍBA | ||
| 909 |
_a202309 _bLucia _c55 _dLucia Elande |
||
| 942 | _cBK | ||
| 999 |
_c64345 _d64345 |
||